000 00776nam0a22002291 4500
001 rc\768830
005 20040301142912.6
035 _a(NLR Aleph) 006295698
090 _a7197509
_c7197509
100 _a20040301d1985 u |0rusy50 ca
101 0 _arus
102 _aRU
105 _ay |||||||||
200 1 _aИспанский язык по курсу "Пропедевтика внутренних болезней" (VII-VIII семестр)
_eУчеб. пособие для студентов-медиков
210 _aМ.
_cИзд-во УДН
_d1985
215 _a77 с.
_d20
700 1 _aНотина
_bЕ. А.
_gЕлена Александровна
801 0 _aRU
_bNLR
_gpsbo
801 1 _aRU
_bELAR
_2rusmarc
852 _aNLR
_j87-6/1059
942 _cBOOK
980 _aNB